Osobnosť manažéra a vedenie zamestnancov ku kultúre správania bakalárska práca

Guardado en:
Detalles Bibliográficos
Autor principal: Dzurčaninová, Jana
Autor Corporativo: Fakulta podnikového manažmentu EU. Katedra manažmentu
Otros Autores: Mečiar, Tomáš
Formato: Libro
Lenguaje:eslovaco
Publicado: Bratislava 2010
Etiquetas: Agregar Etiqueta
Sin Etiquetas, Sea el primero en etiquetar este registro!

MARC

LEADER 00000nbm a2200000 4500
001 0133355
005 20161109111521.3
041 0 |a slo 
044 |a SK 
245 1 0 |a Osobnosť manažéra a vedenie zamestnancov ku kultúre správania  |b bakalárska práca  |c Jana Dzurčaninová ; školiteľ:Tomáš Mečiar 
264 1 |a Bratislava  |c 2010 
300 |a 52 s. 
100 1 |a Dzurčaninová, Jana 
700 1 |a Mečiar, Tomáš 
710 2 |a Fakulta podnikového manažmentu EU. Katedra manažmentu